| 000 | 00487nam a22001577a 4500 | ||
|---|---|---|---|
| 005 | 20240215072734.0 | ||
| 008 | 240212b |||||||| |||| 00| 0 eng d | ||
| 041 | _aAfrikaans / English | ||
| 082 | _a349 TYD | ||
| 100 |
_aRaath, AWG _lAfrikaans / English |
||
| 245 | _aTydskrif vir Hedendaagse Romeins-Hollandse reg | ||
| 260 |
_aDurban : _bButterworth, _c1990 |
||
| 300 |
_b641 pages ; _c25 cm. |
||
| 650 |
_aLegal practice _bLaw |
||
| 942 |
_cBK _6ALISON_BN_VRIES |
||
| 999 |
_c1342 _d1342 |
||